00265pam a2200109 a 4500020000500000041000500005082000800010100002800018245003800046260005900084300001200143 c h a820 aLAWRENCE (D.H.)eauthor aSons and LovershTextual Document bHachette Book Publishing India Pvt. Ltd. Gurgaonc2010 aix, 471